Construction of buildings. Volume 4. Multi-storey buildings, foundations and substructures, structural steel frames, floors and roofs, concrete, concrete structural frames, walls and caldding of framed buildings. (Record no. 101003)
[ view plain ]
| 000 -LEADER | |
|---|---|
| fixed length control field | 00902cam a2200229 4500 |
| 008 - FIXED-LENGTH DATA ELEMENTS--GENERAL INFORMATION | |
| fixed length control field | 000000n2000 000 0 eng u |
| 020 ## - INTERNATIONAL STANDARD BOOK NUMBER | |
| International Standard Book Number | 063205543X |
| 035 ## - SYSTEM CONTROL NUMBER | |
| System control number | (Sirsi) u109835 |
| 050 ## - LIBRARY OF CONGRESS CALL NUMBER | |
| Classification number | 690.1 |
| 100 ## - MAIN ENTRY--PERSONAL NAME | |
| Personal name | Barry, R. |
| 245 ## - TITLE STATEMENT | |
| Title | Construction of buildings. Volume 4. Multi-storey buildings, foundations and substructures, structural steel frames, floors and roofs, concrete, concrete structural frames, walls and caldding of framed buildings. |
| 260 ## - PUBLICATION, DISTRIBUTION, ETC. | |
| Place of publication, distribution, etc. | Oxford |
| Name of publisher, distributor, etc. | Blackwell Science |
| Date of publication, distribution, etc. | 2000 |
| 300 ## - PHYSICAL DESCRIPTION | |
| Extent | viii, 232p. ; 27cm. |
| 350 ## - PRICE (NR) (BK AM CF MU VM SE) [OBSOLETE] | |
| Price | 17.99 |
| 650 ## - SUBJECT ADDED ENTRY--TOPICAL TERM | |
| Topical term or geographic name entry element | BUILT ENVIRONMENT-CONSTRUCTION DESIGN |
| 650 ## - SUBJECT ADDED ENTRY--TOPICAL TERM | |
| Topical term or geographic name entry element | STRUCTURES |
| 650 ## - SUBJECT ADDED ENTRY--TOPICAL TERM | |
| Topical term or geographic name entry element | CONCRETE |
| 650 ## - SUBJECT ADDED ENTRY--TOPICAL TERM | |
| Topical term or geographic name entry element | BUILT ENVIRONMENT-BUILDING ELEMENTS-COMPLETE BUILDING ELEMENTS-FLOORS |
| 650 ## - SUBJECT ADDED ENTRY--TOPICAL TERM | |
| Topical term or geographic name entry element | BUILT ENVIRONMENT-BUILDING ELEMENTS-COMPLETE BUILDING ELEMENTS-ROOFS |
| 690 ## - LOCAL SUBJECT ADDED ENTRY--TOPICAL TERM (OCLC, RLIN) | |
| Topical term or geographic name as entry element | BUILT ENVIRONMENT-CONSTRUCTION DESIGN |
| 942 ## - ADDED ENTRY ELEMENTS (KOHA) | |
| Suppress in OPAC | 0 |
| Withdrawn status | Lost status | Source of classification or shelving scheme | Damaged status | Not for loan | Home library | Current library | Shelving location | Date acquired | Cost, normal purchase price | Total Checkouts | Full call number | Barcode | Date last seen | Date last checked out | Copy number | Cost, replacement price | Price effective from | Koha item type |
|---|---|---|---|---|---|---|---|---|---|---|---|---|---|---|---|---|---|---|
| Dewey Decimal Classification | London | London | Basement | 20/12/2000 | 17.99 | 35 | Archive F690.1 | 30063062 | 21/06/2024 | 19/12/2008 | 1 | 17.99 | 06/08/2019 | Book |